Zázraky přírody 1 Svět zvířat v obrazech Charlieho Booda

Bibliographic Details
Main Author: Bood, Charlie (Author, Illustrator)
Other Authors: Baběrád, Slavomír (Translator), Šmidt, Oto (Illustrator)
Format: Book
Language:Czech
PhysicalDescription:48 s. 29 cm
Published: Bratislava SEMIC-Slovart, a.s. [1993]
ISBN:8071471240
Edition:1. vyd.
Subjects:

MARC

LEADER 00000nam a2200000 a 4500
001 vtls001071025
003 SK-MaSNL
005 20260301110944.0
008 250414s1993 xo 0 cze
015 |a SNBA1993/04 
020 |a 8071471240  |q (brož.) 
035 |a SNK000013856 
035 |a urn:nbn:sk:snk-amlh4b 
035 |a urn:nbn:sk:snk-am00bqxs 
035 |a 825D6FDE-E125-4E2F-8F28-C8204C6DF17B 
040 |a SNK  |b slo  |c SNK  |e AACR2 
041 0 |a cze 
044 |a xo  |c SK 
080 |a 591.5(0.062)=850  |2 1981 
100 1 |a Bood, Charlie  |4 aut  |9 449743 
245 1 0 |a Zázraky přírody 1  |b Svět zvířat v obrazech Charlieho Booda  |c Charlie Bood ; Překl. Slavomír Baběrád ; Graf. upr. Oto Šmidt ; Ilustr. Charlie Bood 
250 |a 1. vyd. 
260 |a Bratislava  |b SEMIC-Slovart, a.s.  |c [1993]  |e Bratislava  |f Slovenská grafia, a.s. 
300 |a 48 s.  |c 29 cm 
366 |e 59 Kčs 
655 7 |a encyklopédie  |2 SNK  |9 28776 
700 1 |a Baběrád, Slavomír  |4 trl  |9 284564 
700 1 |a Šmidt, Oto  |4 ill  |9 277241 
700 1 |a Bood, Charlie  |4 ill  |9 449743 
852 |a Slovenská národná knižnica 
919 |a 80-7147-124-0 
958 |a BQ 
958 |a CZ 
958 |a TL 
958 |a OP 
968 |b SVE  |d Prel. zo švéd. 
999 |c 704905  |d 706835 
952 |t P60, <04>, [BOOK], {604}  |a SNK  |b SNK  |y VYP  |7 0  |p 17A0145416  |o snkSB 50729/1 D1  |0 0  |1 0  |4 0  |d 1998-07-02  |l 0  |r 2004-12-31 00:00:00  |w 2026-02-23 
952 |a SNK  |b SNK  |y PREZ  |7 0  |p 17A0804970  |o snkSB 50729/1  |0 0  |1 0  |4 0  |d 2012-07-16  |f 1  |l 0  |r 2026-02-23 21:12:33  |w 2026-02-23